|
|
|
|
| LEADER |
01550nam a2200421Ia 4500 |
| 001 |
EBC996383 |
| 003 |
MiAaPQ |
| 005 |
20200520144314.0 |
| 006 |
m o d | |
| 007 |
cr cn||||||||| |
| 008 |
990927s2000 cau sb 001 0 eng d |
| 010 |
|
|
|z 99050419
|
| 020 |
|
|
|z 9780761914259
|
| 020 |
|
|
|z 9781452221816
|
| 020 |
|
|
|z 0761914242 (alk. paper)
|
| 020 |
|
|
|z 0761914250 (alk. paper)
|
| 035 |
|
|
|a (MiAaPQ)EBC996383
|
| 035 |
|
|
|a (Au-PeEL)EBL996383
|
| 035 |
|
|
|a (CaPaEBR)ebr10581221
|
| 035 |
|
|
|a (CaONFJC)MIL672621
|
| 035 |
|
|
|a (OCoLC)809771830
|
| 040 |
|
|
|a MiAaPQ
|c MiAaPQ
|d MiAaPQ
|
| 050 |
|
4 |
|a HF5549
|b .B258 2000
|
| 082 |
0 |
4 |
|a 658.3
|2 21
|
| 100 |
1 |
|
|a Bamberger, Peter.
|
| 245 |
1 |
0 |
|a Human resource strategy
|h [electronic resource] :
|b formulation, implementation, and impact /
|c Peter Bamberger, Ilan Meshoulam.
|
| 260 |
|
|
|a Thousand Oaks, Calif :
|b Sage Publications,
|c c2000.
|
| 300 |
|
|
|a ix, 214 p.
|
| 490 |
1 |
|
|a Advanced topics in organizational behavior
|
| 504 |
|
|
|a Includes bibliographical references (p. 186-200) and indexes.
|
| 533 |
|
|
|a Electronic reproduction. Ann Arbor, MI : ProQuest, 2015. Available via World Wide Web. Access may be limited to ProQuest affiliated libraries.
|
| 650 |
|
0 |
|a Personnel management.
|
| 650 |
|
0 |
|a Human capital.
|
| 655 |
|
4 |
|a Electronic books.
|
| 700 |
1 |
|
|a Meshoulam, Ilan.
|
| 710 |
2 |
|
|a ProQuest (Firm)
|
| 830 |
|
0 |
|a Advanced topics in organizational behavior.
|
| 856 |
4 |
0 |
|u https://ebookcentral.proquest.com/lib/matrademy/detail.action?docID=996383
|z Click to View
|